[Event "LJEM M-V 2023 u16"]
[Site "Mirow"]
[Date "2023.02.04"]
[Round "1.1"]
[White "Schott, Andy"]
[Black "Vollmer, Willem Maarten"]
[Result "1-0"]
[WhiteElo "1593"]
[BlackElo "1331"]
[EventDate "2023.??.??"]
[PlyCount "49"]
[WhiteTeam "SG Güstrow/Teterow"]
[BlackTeam "SF Schwerin"]

1.c4 e5 2.g3 Nc6 3.Bg2 Nf6 4.Nc3 Bc5 5.e3 O-O 6.a3 a5 7.Nge2 Re8 8.d3 d6 
9.O-O Bd7 10.Bd2 Qc8 11.Re1 Bh3 12.Bh1 Ng4 13.Ne4 f5 14.Ng5 Nxf2 15.Kxf2 
f4 16.Bd5+ Kf8 17.gxf4 Qg4 18.Ng3 Qh4 19.Nxh3 Qxh3 20.Qh5 Qxh5 21.Nxh5 g6 
22.Nf6 Re7 23.Ne4 Bb6 24.b4 exf4 25.c5 1-0

[Event "LJEM M-V 2023 u16"]
[Site "Mirow"]
[Date "2023.02.04"]
[Round "1.2"]
[White "Asmussen, Johann"]
[Black "Walz, Fabian"]
[Result "0-1"]
[WhiteElo "1222"]
[BlackElo "1342"]
[EventDate "2023.??.??"]
[PlyCount "50"]
[WhiteTeam "HSG Stralsund"]
[BlackTeam "SSC Rostock 07"]

1.e4 c6 2.d4 d5 3.e5 Bf5 4.Nf3 e6 5.Bd3 Bxd3 6.Qxd3 c5 7.dxc5 Qc7 8.O-O 
Bxc5 9.Nc3 Nc6 10.Bf4 a6 11.Rae1 Nge7 12.a3 Ng6 13.Bg3 O-O 14.Na4 Be7 15.
Qc3 Rac8 16.Nc5 Ncxe5 17.Nxe5 Qxc5 18.Qxc5 Bxc5 19.Nd3 Ba7 20.Re2 Rc4 21.
b4 Rfc8 22.Rc1 Rc3 23.a4 Rxd3 24.cxd3 Rxc1+ 25.Re1 Rxe1# 0-1

[Event "LJEM M-V 2023 u16"]
[Site "Mirow"]
[Date "2023.02.04"]
[Round "1.4"]
[White "Gorski, Paul Peter"]
[Black "Wiechhusen, Laurin-Elias"]
[Result "1-0"]
[WhiteElo "1261"]
[BlackElo "1614"]
[EventDate "2023.??.??"]
[PlyCount "107"]
[WhiteTeam "Think Rochade - SC HRO"]
[BlackTeam "SF Schwerin"]

1.e4 c5 2.Nf3 Nc6 3.Bb5 a6 4.Bxc6 bxc6 5.d4 g6 6.Nc3 Bg7 7.Be3 Qb6 8.Rb1 
cxd4 9.Nxd4 c5 10.Nd5 Qd8 11.Nb3 d6 12.O-O Bb7 13.f3 e6 14.Nc3 Ne7 15.Qd2 
O-O 16.Rbd1 c4 17.Nc1 d5 18.N1e2 dxe4 19.fxe4 Qc7 20.Qd7 Rac8 21.Bf4 Qb6+ 
22.Kh1 Nc6 23.Qd6 Rfd8 24.Qa3 Bf8 25.Bd6 Bxd6 26.Rxd6 Rxd6 27.Qxd6 Rd8 28.
Qf4 Rd7 29.b3 cxb3 30.cxb3 Nd4 31.Qb8+ Qd8 32.Qf4 Nxe2 33.Nxe2 a5 34.Nc3 
Ba6 35.Rc1 Qc8 36.Nd5 Qxc1+ 37.Qxc1 exd5 38.exd5 Rxd5 39.h3 Rf5 40.Qd2 Bb7
41.Kh2 Rd5 42.Qf4 Rb5 43.Qd6 h6 44.Kg1 Kg7 45.h4 Bd5 46.a4 Rxb3 47.Qxd5 
Rb4 48.Qxa5 Rxh4 49.Qc3+ Kg8 50.a5 Ra4 51.a6 Kh7 52.Qc6 Ra1+ 53.Kh2 g5 54.
Qb7 1-0

[Event "LJEM M-V 2023 u16"]
[Site "Mirow"]
[Date "2023.02.04"]
[Round "1.5"]
[White "Janssen, Joris Frederik"]
[Black "Sens, Gerda"]
[Result "1-0"]
[WhiteElo "1607"]
[BlackElo "1270"]
[EventDate "2023.??.??"]
[PlyCount "89"]
[WhiteTeam "TuS Makkabi Rostock"]
[BlackTeam "SSC Rostock 07"]

1.d4 d5 2.Bf4 Nc6 3.e3 Bf5 4.Nf3 Nf6 5.Be2 e6 6.O-O Bd6 7.Bg3 O-O 8.Nbd2 
Re8 9.Ne5 Qe7 10.f4 Ne4 11.Nxe4 Bxe4 12.Bb5 Bxe5 13.fxe5 Rf8 14.Bd3 Qg5 
15.Qe2 Qg6 16.Bxe4 Qxe4 17.Rf4 Qg6 18.Rg4 Qf5 19.Rf1 Ne7 20.Rxf5 Nxf5 21.
Bh4 h6 22.Bf6 Kh8 23.Bh4 Rac8 24.c3 c5 25.Bf2 f6 26.e4 Ne7 27.exf6 Rxf6 
28.exd5 Nxd5 29.dxc5 Rd8 30.Bd4 Nf4 31.Qe3 Nd5 32.Qd2 Nc7 33.Rxg7 Rxd4 34.
Rh7+ Kxh7 35.Qxd4 Kg7 36.Qd7+ Rf7 37.Qd4+ Kg6 38.Qe4+ Kg7 39.Qxb7 Nd5 40.
c6 Kg6 41.c4 Nc7 42.Qxa7 e5 43.b4 Ne6 44.Qe3 Rf5 45.b5 1-0

[Event "LJEM M-V 2023 u16"]
[Site "Mirow"]
[Date "2023.02.04"]
[Round "1.6"]
[White "Stiller, Ben"]
[Black "Lippitz, Jaden"]
[Result "0-1"]
[WhiteElo "1142"]
[BlackElo "1481"]
[EventDate "2023.??.??"]
[PlyCount "94"]
[WhiteTeam "TSV Friedland 1814"]
[BlackTeam "SG Güstrow/Teterow"]

1.d4 d5 2.c4 e6 3.Nc3 Nf6 4.Bg5 Nbd7 5.e3 c6 6.Nf3 Be7 7.Bd3 dxc4 8.Bxc4 
O-O 9.O-O Nb6 10.Bd3 h6 11.Bh4 Nbd5 12.Rc1 Nxc3 13.Rxc3 Nd5 14.Bxe7 Nxc3 
15.Bxd8 Nxd1 16.Rxd1 Rxd8 17.h4 b6 18.g4 Bb7 19.g5 hxg5 20.Nxg5 a5 21.h5 
Ba6 22.Be4 Rac8 23.Kg2 Bc4 24.Bh7+ Kf8 25.b3 Be2 26.Rh1 Rd5 27.f4 Ke7 28.
Be4 Rb5 29.Kf2 Bg4 30.h6 gxh6 31.Rxh6 Bf5 32.Bf3 a4 33.bxa4 Rb2+ 34.Kg3 
Rxa2 35.e4 Bg6 36.Bd1 Rd2 37.Bf3 Rxd4 38.Kg4 Rxa4 39.e5 c5 40.Bb7 Bf5+ 41.
Kh5 Rc7 42.Bf3 Rxf4 43.Rf6 Bg6+ 44.Kh6 Rxf6 45.exf6+ Kxf6 46.Nxe6 Rc8 47.
Bb7 Rh8# 0-1

[Event "LJEM M-V 2023 u16"]
[Site "Mirow"]
[Date "2023.02.04"]
[Round "1.7"]
[White "Stepanjan, Marianne"]
[Black "Hampe, Florian"]
[Result "1-0"]
[WhiteElo "1515"]
[BlackElo "1092"]
[EventDate "2023.??.??"]
[PlyCount "43"]
[WhiteTeam "ESV 1888 Wittenberge"]
[BlackTeam "Lok Gymnas Pritzwalk"]

1.e4 c5 2.Nf3 e6 3.d4 cxd4 4.Nxd4 d5 5.exd5 Qxd5 6.Nc3 Qa5 7.a3 Be7 8.Be2 
Nf6 9.O-O O-O 10.Nb3 Qc7 11.Nb5 Qe5 12.f4 Qf5 13.Nc7 Rd8 14.Bd3 Ne4 15.Qf3
Bf6 16.Bxe4 Bd4+ 17.Nxd4 Qc5 18.Nxa8 Qxd4+ 19.Kh1 b6 20.c3 Qd6 21.Be3 Ba6 
22.Rfd1 1-0

[Event "LJEM M-V 2023 u16"]
[Site "Mirow"]
[Date "2023.02.04"]
[Round "1.8"]
[White "Mochtak, Maximilian"]
[Black "Krause, Enrico"]
[Result "0-1"]
[WhiteElo "1042"]
[BlackElo "1468"]
[EventDate "2023.??.??"]
[PlyCount "52"]
[WhiteTeam "TuS Makkabi Rostock"]
[BlackTeam "Think Rochade - SC HRO"]

1.d4 c6 2.Nf3 Nf6 3.Bf4 d5 4.e3 Bg4 5.Be2 Nbd7 6.O-O e6 7.Nbd2 Be7 8.h3 
Bf5 9.Ne5 h5 10.Ndf3 Ne4 11.Nxd7 Qxd7 12.Ne5 Qc8 13.Bxh5 g6 14.Bg4 g5 15.
Bh2 Bd6 16.Bxf5 exf5 17.f3 Nf6 18.g4 Rxh3 19.Qd3 fxg4 20.Qe2 Bxe5 21.dxe5 
gxf3 22.Qxf3 Rxf3 23.Rxf3 Ne4 24.Kg2 Qg4+ 25.Bg3 Ke7 26.Rd1 Nxg3 0-1

[Event "LJEM M-V 2023 u16"]
[Site "Mirow"]
[Date "2023.02.04"]
[Round "1.9"]
[White "Karff, Tom"]
[Black "Lesyuk, Avhustyn"]
[Result "0-1"]
[WhiteElo "1353"]
[BlackElo "1028"]
[EventDate "2023.??.??"]
[PlyCount "52"]
[WhiteTeam "SG Güstrow/Teterow"]
[BlackTeam "TuS Makkabi Rostock"]

1.e4 e5 2.Nf3 Nc6 3.Bc4 Bc5 4.d3 h6 5.Nc3 Nf6 6.Be3 Bb6 7.Nd5 Bxe3 8.Nxe3 
O-O 9.O-O d6 10.Nd2 Qe7 11.c3 Be6 12.Nd5 Qd8 13.Qb3 Na5 14.Nxf6+ Qxf6 15.
Qb4 Nxc4 16.Nxc4 d5 17.Ne3 dxe4 18.Qxe4 c6 19.Rfd1 Rad8 20.Qb4 Rd7 21.Rd2 
Qg5 22.Rad1 f5 23.g3 f4 24.Nf1 Qg4 25.h3 Qxh3 26.Nh2 Bd5 0-1

[Event "LJEM M-V 2023 u16"]
[Site "Fleether Mühle"]
[Date "2023.02.04"]
[Round "1.10"]
[White "Neumann, Julian"]
[Black "Thormählen, Tjark"]
[Result "0-1"]
[WhiteElo "879"]
[BlackElo "1332"]
[EventDate "2023.??.??"]
[PlyCount "52"]
[WhiteTeam "SV Grün-Weiß 90 Anklam"]
[BlackTeam "SG Güstrow/Teterow"]

1.d4 d5 2.c4 e6 3.Nc3 Nf6 4.Bg5 Be7 5.e3 Nbd7 6.Nf3 a6 7.Bd3 dxc4 8.Bxc4 
b5 9.Bd3 Bb7 10.O-O O-O 11.Bxf6 Nxf6 12.b3 Rc8 13.Qc2 c5 14.dxc5 Bxc5 15.
e4 Bb4 16.e5 Rxc3 17.Qb1 Qxd3 18.Qxd3 Rxd3 19.exf6 gxf6 20.a3 Bc5 21.b4 
Bb6 22.Kh1 Kh8 23.Ne1 Rh3 24.Nf3 Rxf3 25.gxf3 Bxf3+ 26.Kg1 Rg8# 0-1

[Event "LJEM M-V 2023 u16"]
[Site "Mirow"]
[Date "2023.02.05"]
[Round "2.1"]
[White "Krause, Enrico"]
[Black "Schott, Andy"]
[Result "1-0"]
[WhiteElo "1468"]
[BlackElo "1593"]
[EventDate "2023.??.??"]
[PlyCount "125"]
[WhiteTeam "Think Rochade - SC HRO"]
[BlackTeam "SG Güstrow/Teterow"]

1.c4 Nf6 2.Nc3 e6 3.d4 Bb4 4.Nf3 c5 5.a3 cxd4 6.axb4 dxc3 7.bxc3 O-O 8.Bf4
Nc6 9.b5 Ne7 10.e3 b6 11.Qc2 Bb7 12.Bd3 d5 13.Rd1 Qc8 14.Bd6 Re8 15.cxd5 
Bxd5 16.e4 Bc4 17.e5 Bxd3 18.Qxd3 Nfd5 19.c4 Nf4 20.Qe4 Nfg6 21.O-O Rd8 
22.Rc1 Nf5 23.Rfd1 Rd7 24.Nd4 Nxd6 25.exd6 Rxd6 26.Nc6 Rxd1+ 27.Rxd1 Qe8 
28.Qd4 Qf8 29.g3 h6 30.Qd7 Qc5 31.Qb7 Rf8 32.Qxa7 Qxc4 33.Qxb6 Qe2 34.Ra1 
Qb2 35.Qa6 Ne5 36.Nxe5 Qxe5 37.b6 Rb8 38.Rb1 Qe4 39.Qb5 Rb7 40.Rb4 Qf3 41.
Rf4 Qd1+ 42.Kg2 Qd8 43.Rb4 Qd6 44.Qa5 Qc6+ 45.Kf1 Rd7 46.Qa4 Qc1+ 47.Kg2 
Rd1 48.b7 Rg1+ 49.Kh3 Qf1+ 50.Kh4 g5+ 51.Kh5 Qh3+ 52.Rh4 Qf5 53.b8=Q+ Kh7 
54.Qe4 Qg6+ 55.Qxg6+ fxg6+ 56.Kg4 gxh4 57.Qc7+ Kg8 58.Kxh4 Re1 59.Qd8+ Kf7
60.Qd7+ Kf6 61.Qd2 Re4+ 62.Kh3 g5 63.Qb2+ 1-0

[Event "LJEM M-V 2023 u16"]
[Site "Mirow"]
[Date "2023.02.05"]
[Round "2.2"]
[White "Walz, Fabian"]
[Black "Stepanjan, Marianne"]
[Result "1-0"]
[WhiteElo "1342"]
[BlackElo "1515"]
[EventDate "2023.??.??"]
[PlyCount "89"]
[WhiteTeam "SSC Rostock 07"]
[BlackTeam "ESV 1888 Wittenberge"]

1.e4 c5 2.c3 d6 3.d4 cxd4 4.cxd4 Nf6 5.Nc3 e6 6.f4 Be7 7.Nf3 O-O 8.Bd3 Nc6
9.Qb3 Na5 10.Qc2 h6 11.Be3 Bd7 12.O-O Rc8 13.h3 Nc4 14.Bc1 Qb6 15.Qe2 Na5 
16.Be3 Qd8 17.e5 Ne8 18.Nd2 f5 19.Kh2 a6 20.g4 Bh4 21.gxf5 exf5 22.Rg1 Nc6
23.d5 Nb4 24.e6 Bb5 25.Bxb5 axb5 26.Bd4 Qe7 27.Nf3 Bf6 28.Rg6 Bxd4 29.Nxd4
Qh4 30.Qf3 Rc4 31.Ncxb5 Nc2 32.Rd1 Nxd4 33.Nxd4 Qd8 34.Qd3 Qc7 35.Nxf5 
Rxf4 36.Nxh6+ Kh8 37.Nf7+ Kg8 38.Rdg1 Rf2+ 39.R1g2 Rxg2+ 40.Rxg2 Qc1 41.
Qg3 Qc4 42.Nxd6 Qc7 43.Nxe8 Qxg3+ 44.Rxg3 Rxe8 45.Rd3 1-0

[Event "LJEM M-V 2023 u16"]
[Site "Mirow"]
[Date "2023.02.05"]
[Round "2.3"]
[White "Thormählen, Tjark"]
[Black "Schulz, Bruno Andreas"]
[Result "0-1"]
[WhiteElo "1332"]
[BlackElo "1635"]
[EventDate "2023.??.??"]
[PlyCount "66"]
[WhiteTeam "SG Güstrow/Teterow"]
[BlackTeam "TuS Makkabi Rostock"]

1.e4 c5 2.Nc3 e6 3.f4 Nc6 4.Nf3 g6 5.d3 Bg7 6.Bd2 a6 7.g3 d6 8.Bg2 Nf6 9.
a4 Qc7 10.O-O Qb6 11.Kh1 Qc7 12.h3 h5 13.Ng5 Nh7 14.Nxh7 Rxh7 15.f5 exf5 
16.exf5 Bxf5 17.Re1+ Kf8 18.Bf4 Rd8 19.Nd5 Qc8 20.Bg5 Bxh3 21.Bxd8 Bxg2+ 
22.Kxg2 Qxd8 23.c3 h4 24.Rh1 Qg5 25.Qf3 h3+ 26.Rxh3 Qd2+ 27.Qf2 Qxf2+ 28.
Kxf2 Rxh3 29.Re1 Rh2+ 30.Kf3 Ne5+ 31.Ke4 f5+ 32.Ke3 Bh6+ 33.Nf4 Ng4+ 0-1

[Event "LJEM M-V 2023 u16"]
[Site "Mirow"]
[Date "2023.02.05"]
[Round "2.4"]
[White "Lesyuk, Avhustyn"]
[Black "Janssen, Joris Frederik"]
[Result "0-1"]
[WhiteElo "1028"]
[BlackElo "1607"]
[EventDate "2023.??.??"]
[PlyCount "118"]
[WhiteTeam "TuS Makkabi Rostock"]
[BlackTeam "TuS Makkabi Rostock"]

1.d4 d5 2.Nf3 e6 3.Bf4 Nf6 4.e3 Be7 5.Bd3 O-O 6.O-O b6 7.Nbd2 Bb7 8.h3 c5 
9.c3 c4 10.Bc2 Nc6 11.Ne5 b5 12.Ndf3 Nd7 13.Nxd7 Qxd7 14.Ne5 Nxe5 15.dxe5 
a5 16.Qh5 g6 17.Qg4 b4 18.Bh6 f5 19.Qg3 Rf7 20.h4 Bf8 21.Qg5 Bxh6 22.Qxh6 
Qc6 23.Qg5 Rg7 24.Rad1 Qc7 25.Qg3 bxc3 26.bxc3 a4 27.Rb1 Bc6 28.Rb4 Rb8 
29.Rfb1 Rxb4 30.Rxb4 Qa7 31.Qf3 Rb7 32.Qd1 Rxb4 33.cxb4 a3 34.Qb1 Bb5 35.
Kh2 Qb8 36.Qa1 Kf7 37.Qc3 Qa7 38.Kg3 Kg7 39.Kh3 h6 40.Qd4 Qxd4 41.exd4 Kf7
42.Kg3 c3 43.Kf3 Bc4 44.Ke3 f4+ 45.Kf3 Bxa2 46.Bd3 Bc4 47.Bxc4 dxc4 48.b5 
Ke7 49.b6 Kd7 50.b7 Kc7 51.d5 c2 52.dxe6 c1=Q 53.e7 Qc3+ 54.Kg4 Qxe5 55.
b8=Q+ Kxb8 56.g3 Qxe7 57.h5 fxg3 58.hxg6 gxf2 59.g7 Qg5+ 0-1

[Event "LJEM M-V 2023 u16"]
[Site "Mirow"]
[Date "2023.02.05"]
[Round "2.5"]
[White "Lippitz, Jaden"]
[Black "Gorski, Paul Peter"]
[Result "1-0"]
[WhiteElo "1481"]
[BlackElo "1261"]
[EventDate "2023.??.??"]
[PlyCount "49"]
[WhiteTeam "SG Güstrow/Teterow"]
[BlackTeam "Think Rochade - SC HRO"]

1.e4 e5 2.Nf3 Nc6 3.Bc4 Bc5 4.c3 Nf6 5.d4 exd4 6.e5 d5 7.Bb5 Ne4 8.cxd4 
Bb4+ 9.Bd2 Nxd2 10.Nbxd2 O-O 11.O-O Bg4 12.Bxc6 bxc6 13.Qc2 Rb8 14.a3 Bxd2
15.Nxd2 Qg5 16.f4 Qh5 17.b4 a5 18.bxa5 Bf5 19.Qxc6 Rb2 20.Nf3 h6 21.Qxd5 
Qg6 22.Nh4 Be4 23.Nxg6 Rxg2+ 24.Kh1 Bxd5 25.Ne7+ 1-0

[Event "LJEM M-V 2023 u16"]
[Site "Mirow"]
[Date "2023.02.05"]
[Round "2.6"]
[White "Wiechhusen, Laurin-Elias"]
[Black "Stiller, Ben"]
[Result "1-0"]
[WhiteElo "1614"]
[BlackElo "1142"]
[EventDate "2023.??.??"]
[PlyCount "53"]
[WhiteTeam "SF Schwerin"]
[BlackTeam "TSV Friedland 1814"]

1.Nf3 d5 2.c4 c6 3.d4 Nd7 4.g3 Ngf6 5.Bg2 e6 6.O-O b6 7.b3 Bd6 8.Nbd2 Bb7 
9.Bb2 Qe7 10.Re1 Rc8 11.e4 dxc4 12.e5 Bb4 13.exf6 Qxf6 14.Nxc4 O-O 15.Re2 
Ba6 16.a3 Be7 17.d5 Qh6 18.dxe6 fxe6 19.Qxd7 Rf7 20.Rxe6 Bf6 21.Re8+ Rf8 
22.Qe6+ Kh8 23.Rxf8+ Rxf8 24.Bxf6 gxf6 25.Nd6 Qg7 26.Re1 f5 27.Nxf5 1-0

[Event "LJEM M-V 2023 u16"]
[Site "Mirow"]
[Date "2023.02.05"]
[Round "2.7"]
[White "Sens, Gerda"]
[Black "Karff, Tom"]
[Result "1-0"]
[WhiteElo "1270"]
[BlackElo "1353"]
[EventDate "2023.??.??"]
[PlyCount "49"]
[WhiteTeam "SSC Rostock 07"]
[BlackTeam "SG Güstrow/Teterow"]

1.e4 e5 2.Nf3 Nc6 3.Bc4 Bc5 4.d3 d6 5.Be3 Bb6 6.O-O Bg4 7.Nbd2 Nd4 8.c3 
Nxf3+ 9.Nxf3 Ne7 10.d4 f5 11.Qa4+ c6 12.Ng5 d5 13.exd5 Nxd5 14.Ne6 Qd7 15.
Nxg7+ Kf7 16.Bxd5+ Qxd5 17.f3 Kxg7 18.fxg4 fxg4 19.Rf5 Qd6 20.Rg5+ Kf7 21.
Rf1+ Ke7 22.Rxe5+ Kd8 23.Bf4 Qg6 24.Qb4 Re8 25.Bg5+ 1-0

[Event "LJEM M-V 2023 u16"]
[Site "Mirow"]
[Date "2023.02.05"]
[Round "2.8"]
[White "Vollmer, Willem Maarten"]
[Black "Mochtak, Maximilian"]
[Result "1-0"]
[WhiteElo "1331"]
[BlackElo "1042"]
[EventDate "2023.??.??"]
[PlyCount "53"]
[WhiteTeam "SF Schwerin"]
[BlackTeam "TuS Makkabi Rostock"]

1.d4 d5 2.c4 e6 3.Nf3 Nc6 4.Bf4 Bd6 5.Bxd6 Qxd6 6.e3 b6 7.Qc2 Nb4 8.Qb3 c5
9.a3 Nc6 10.cxd5 exd5 11.Nc3 Nge7 12.Bb5 Bd7 13.O-O O-O 14.Rad1 a6 15.Bxc6
Qxc6 16.dxc5 bxc5 17.Nxd5 c4 18.Nxe7+ Kh8 19.Nxc6 cxb3 20.Rxd7 Rac8 21.
Nce5 Kg8 22.h3 Rc2 23.Rb1 f6 24.Nd3 g5 25.Nd4 Rd2 26.Nxb3 Rc2 27.Nb4 1-0

[Event "LJEM M-V 2023 u16"]
[Site "Mirow"]
[Date "2023.02.05"]
[Round "2.9"]
[White "Hampe, Florian"]
[Black "Asmussen, Johann"]
[Result "1/2-1/2"]
[WhiteElo "1092"]
[BlackElo "1222"]
[EventDate "2023.??.??"]
[PlyCount "82"]
[WhiteTeam "Lok Gymnas Pritzwalk"]
[BlackTeam "HSG Stralsund"]

1.d4 d5 2.c4 e6 3.Nc3 c6 4.a3 Nf6 5.Nf3 dxc4 6.Bg5 h6 7.Bh4 Be7 8.e3 b5 9.
Be2 Nbd7 10.O-O O-O 11.Re1 Nd5 12.Bxe7 Qxe7 13.Ne4 Bb7 14.a4 Rfc8 15.Qc2 
e5 16.Nc3 Nxc3 17.bxc3 exd4 18.exd4 Qf6 19.Qb2 a6 20.Bxc4 c5 21.axb5 axb5 
22.Qxb5 Bxf3 23.Qxd7 Qg6 24.Bxf7+ Qxf7 25.Qxf7+ Kxf7 26.gxf3 cxd4 27.Rxa8 
Rxa8 28.cxd4 Rd8 29.Re4 Kf6 30.Kg2 Kf5 31.Kg3 Rd6 32.Rf4+ Ke6 33.h4 Kd5 
34.Rg4 g6 35.Re4 Kc4 36.Re2 Kxd4 37.Rd2+ Ke5 38.f4+ Ke6 39.Rxd6+ Kxd6 40.
Kg4 Ke6 41.h5 gxh5+ 1/2-1/2

[Event "LJEM M-V 2023 u16"]
[Site "Mirow"]
[Date "2023.02.05"]
[Round "2.10"]
[White "Willam, Max Bastian"]
[Black "Neumann, Julian"]
[Result "1-0"]
[WhiteElo "1298"]
[BlackElo "879"]
[EventDate "2023.??.??"]
[PlyCount "163"]
[WhiteTeam "SSC Rostock 07"]
[BlackTeam "SV Grün-Weiß 90 Anklam"]

1.e4 e5 2.Nf3 Nf6 3.Nc3 Nc6 4.Bc4 Bb4 5.d3 O-O 6.Bd2 d6 7.a3 Bxc3 8.Bxc3 
b6 9.O-O Bb7 10.Re1 a5 11.h3 d5 12.exd5 Nxd5 13.Bxe5 Nxe5 14.Nxe5 Re8 15.
Bb5 Re6 16.c4 Ne7 17.d4 c6 18.Ba4 f6 19.Nf3 Rxe1+ 20.Qxe1 c5 21.dxc5 Bxf3 
22.gxf3 bxc5 23.Rd1 Qf8 24.Rd7 Kf7 25.Qe3 Rc8 26.Qe4 h6 27.Bc6 Rd8 28.Rb7 
g6 29.Bd5+ Ke8 30.Qe6 Qg7 31.b4 axb4 32.axb4 cxb4 33.Rxb4 Kf8 34.Rb1 Nxd5 
35.cxd5 Qf7 36.Qxf7+ Kxf7 37.Rd1 g5 38.Kg2 f5 39.Kg3 f4+ 40.Kg4 Kf6 41.h4 
Kg6 42.d6 h5+ 43.Kh3 Kf5 44.hxg5 Kxg5 45.d7 Kf6 46.Kh4 Kf5 47.Rd4 Ke5 48.
Re4+ Kf5 49.Rd4 Ke5 50.Rd1 Kf5 51.Rd5+ Ke6 52.Rxh5 Rxd7 53.Rh6+ Kf5 54.
Rh5+ Ke6 55.Kg4 Rf7 56.Ra5 Rf8 57.Ra6+ Ke5 58.Ra5+ Kd4 59.Rf5 Rxf5 60.Kxf5
Kd3 61.Kxf4 Kd4 62.Kg5 Ke5 63.f4+ Ke6 64.Kg6 Ke7 65.f5 Kf8 66.Kf6 Ke8 67.
Kg7 Ke7 68.f6+ Ke6 69.f7 Ke5 70.f8=Q Ke4 71.f3+ Ke3 72.f4 Kd4 73.f5 Ke5 
74.f6 Ke6 75.Qe8+ Kf5 76.f7 Kg5 77.f8=R Kg4 78.Rf7 Kg5 79.Kf8 Kg4 80.Ke7 
Kg5 81.Qg8+ Kh4 82.Rh7# 1-0

[Event "LJEM M-V 2023 u16"]
[Site "Mirow"]
[Date "2023.02.05"]
[Round "3.1"]
[White "Janssen, Joris Frederik"]
[Black "Walz, Fabian"]
[Result "0-1"]
[WhiteElo "1607"]
[BlackElo "1342"]
[EventDate "2023.??.??"]
[PlyCount "108"]
[WhiteTeam "TuS Makkabi Rostock"]
[BlackTeam "SSC Rostock 07"]

1.d4 Nf6 2.Bf4 g6 3.e3 Bg7 4.Be2 b6 5.Nf3 Bb7 6.h3 O-O 7.O-O d5 8.Nbd2 
Nbd7 9.c3 c5 10.Ne5 Nxe5 11.Bxe5 e6 12.Qc2 Rc8 13.Rac1 Qe7 14.Bf3 Ba6 15.
Rfe1 Nd7 16.Bxg7 Kxg7 17.Be2 Bxe2 18.Rxe2 Qf6 19.Nf3 Rc7 20.Qd2 Rfc8 21.e4
cxd4 22.Qxd4 Qxd4 23.Nxd4 Rc4 24.Rd1 Nf6 25.exd5 Nxd5 26.g3 a6 27.Kg2 Kf6 
28.Nf3 b5 29.Ne5 R4c7 30.Ng4+ Kg7 31.Rd4 Rc4 32.Rxc4 Rxc4 33.Ne3 Nxe3+ 34.
Rxe3 Kf6 35.Kf3 e5 36.Re4 Rxe4 37.Kxe4 Ke6 38.b3 f5+ 39.Ke3 Kd5 40.f3 a5 
41.Kd3 g5 42.g4 e4+ 43.fxe4+ fxe4+ 44.Ke2 a4 45.bxa4 bxa4 46.Kd2 Kc4 47.
Ke3 Kxc3 48.Kxe4 Kb2 49.Kd3 Ka3 50.Kc3 Kxa2 51.Kc2 a3 52.Kc1 Kb3 53.Kb1 
a2+ 54.Ka1 Ka3 0-1

[Event "LJEM M-V 2023 u16"]
[Site "Mirow"]
[Date "2023.02.05"]
[Round "3.2"]
[White "Schulz, Bruno Andreas"]
[Black "Lippitz, Jaden"]
[Result "1-0"]
[WhiteElo "1635"]
[BlackElo "1481"]
[EventDate "2023.??.??"]
[PlyCount "55"]
[WhiteTeam "TuS Makkabi Rostock"]
[BlackTeam "SG Güstrow/Teterow"]

1.d4 d5 2.c4 e6 3.Nf3 Nf6 4.Bf4 Bb4+ 5.Nc3 O-O 6.e3 c5 7.a3 Bxc3+ 8.bxc3 
Nc6 9.Bd3 Na5 10.cxd5 Nxd5 11.Qc2 h6 12.Be5 c4 13.Be2 b5 14.O-O Nc6 15.
Rfb1 Nxe5 16.Nxe5 a6 17.a4 Rb8 18.Nc6 Qg5 19.Nxb8 Bb7 20.Bf1 Rxb8 21.axb5 
axb5 22.Qd2 f5 23.Rxb5 Rf8 24.Rxb7 f4 25.e4 Nf6 26.Raa7 g6 27.Rg7+ Kh8 28.
e5 1-0

[Event "LJEM M-V 2023 u16"]
[Site "Mirow"]
[Date "2023.02.05"]
[Round "3.3"]
[White "Wiechhusen, Laurin-Elias"]
[Black "Krause, Enrico"]
[Result "1-0"]
[WhiteElo "1614"]
[BlackElo "1468"]
[EventDate "2023.??.??"]
[PlyCount "77"]
[WhiteTeam "SF Schwerin"]
[BlackTeam "Think Rochade - SC HRO"]

1.Nf3 d5 2.c4 Nf6 3.d4 Bg4 4.cxd5 Qxd5 5.Nc3 Qh5 6.Ne5 Nc6 7.Nxc6 bxc6 8.
Qc2 e6 9.f3 Bf5 10.e4 Bg6 11.Qa4 Kd7 12.h4 Be7 13.e5 Ng4 14.fxg4 Bxh4+ 15.
Kd1 Qxg4+ 16.Ne2 Rhd8 17.Be3 Qe4 18.Qb3 Rab8 19.Qc3 c5 20.Qxc5 Qd3+ 21.Bd2
Be7 22.Qc3 Qb5 23.b3 c5 24.Nf4 Qb6 25.Nxg6 cxd4 26.Qa5 hxg6 27.Qxb6 axb6 
28.Bb5+ Kc7 29.Rc1+ Kb7 30.Bc6+ Ka6 31.b4 b5 32.Rf1 f6 33.Ke2 fxe5 34.Rf7 
d3+ 35.Kd1 Bf6 36.Be3 Rb6 37.Bb7+ Rxb7 38.Rc6+ Rb6 39.Rxb6# 1-0

[Event "LJEM M-V 2023 u16"]
[Site "Mirow"]
[Date "2023.02.05"]
[Round "3.4"]
[White "Schott, Andy"]
[Black "Willam, Max Bastian"]
[Result "1-0"]
[WhiteElo "1593"]
[BlackElo "1298"]
[EventDate "2023.??.??"]
[PlyCount "71"]
[WhiteTeam "SG Güstrow/Teterow"]
[BlackTeam "SSC Rostock 07"]

1.c4 e5 2.g3 Bc5 3.Bg2 Nf6 4.Nc3 O-O 5.e3 d6 6.Nge2 Be6 7.d3 d5 8.cxd5 
Nxd5 9.O-O c6 10.a3 Nd7 11.b4 Bb6 12.Bb2 f6 13.d4 Re8 14.Rc1 exd4 15.Nxd4 
Bxd4 16.Qxd4 Nxc3 17.Qxc3 Nb6 18.e4 Na4 19.Qc2 Nxb2 20.Qxb2 Qc7 21.Rfe1 
Qe5 22.Qc2 a6 23.f4 Qb5 24.Kh1 f5 25.e5 g6 26.Red1 Red8 27.Rd2 Rac8 28.
Rcd1 Bd5 29.Qb2 Rd7 30.e6 Rd6 31.Bxd5 Rxd5 32.Rxd5 cxd5 33.Qe5 Rc2 34.Qf6 
h6 35.Qxg6+ Kf8 36.Qf7# 1-0

[Event "LJEM M-V 2023 u16"]
[Site "Mirow"]
[Date "2023.02.05"]
[Round "3.5"]
[White "Stepanjan, Marianne"]
[Black "Sens, Gerda"]
[Result "1-0"]
[WhiteElo "1515"]
[BlackElo "1270"]
[EventDate "2023.??.??"]
[PlyCount "81"]
[WhiteTeam "ESV 1888 Wittenberge"]
[BlackTeam "SSC Rostock 07"]

1.e4 e5 2.Nf3 Nc6 3.Bb5 d6 4.O-O Bg4 5.h3 Bh5 6.c3 Nf6 7.Re1 a6 8.Ba4 b5 
9.Bb3 d5 10.exd5 Nxd5 11.d4 Be7 12.dxe5 Nb6 13.Bf4 Na5 14.Bc2 O-O 15.b3 
Nd5 16.Bg3 Rb8 17.Be4 c6 18.Qc2 Bg6 19.Bxg6 hxg6 20.Nbd2 c5 21.e6 Rb6 22.
exf7+ Rxf7 23.Ne5 Rff6 24.Ne4 Rfe6 25.Rad1 Nc6 26.Nxc6 Rbxc6 27.c4 bxc4 
28.bxc4 Rc8 29.Rxd5 Qb6 30.Rb1 Qc6 31.Ng5 Bxg5 32.Rxg5 Rce8 33.Rd5 Kf7 34.
Qb3 R8e7 35.Qf3+ Kg8 36.Rd8+ Kh7 37.Qxc6 Rxc6 38.Rd6 Rxd6 39.Bxd6 Re4 40.
Rc1 Re2 41.a3 1-0

[Event "LJEM M-V 2023 u16"]
[Site "Mirow"]
[Date "2023.02.05"]
[Round "3.6"]
[White "Gorski, Paul Peter"]
[Black "Thormählen, Tjark"]
[Result "0-1"]
[WhiteElo "1261"]
[BlackElo "1332"]
[EventDate "2023.??.??"]
[PlyCount "73"]
[WhiteTeam "Think Rochade - SC HRO"]
[BlackTeam "SG Güstrow/Teterow"]

1.e4 e5 2.Nf3 Nc6 3.Bc4 Bc5 4.c3 Nf6 5.d4 exd4 6.cxd4 Bb4+ 7.Nc3 d5 8.exd5
Nxd5 9.O-O Bxc3 10.bxc3 O-O 11.Bg5 Qd6 12.Qd3 Be6 13.Bb3 Rfe8 14.c4 Ndb4 
15.Qc3 Bf5 16.Rad1 Re2 17.c5 Nd5 18.cxd6 Nxc3 19.Rc1 Ne4 20.dxc7 Rc8 21.d5
Nb4 22.Rfd1 Nxf2 23.d6 Nxd1 24.Rxd1 Bd7 25.Ba4 Bxa4 26.d7 Bxd7 27.Rxd7 Nc6
28.Nd4 Re1+ 29.Kf2 Rd1 30.Be3 Kf8 31.Ke2 Rxd4 32.Bxd4 Nxd4+ 33.Rxd4 Rxc7 
34.Ra4 a6 35.Kd3 Rc5 36.Ke4 Rh5 37.h3 0-1

[Event "LJEM M-V 2023 u16"]
[Site "Mirow"]
[Date "2023.02.05"]
[Round "3.7"]
[White "Lesyuk, Avhustyn"]
[Black "Vollmer, Willem Maarten"]
[Result "1-0"]
[WhiteElo "1028"]
[BlackElo "1331"]
[EventDate "2023.??.??"]
[PlyCount "116"]
[WhiteTeam "TuS Makkabi Rostock"]
[BlackTeam "SF Schwerin"]

1.e4 e5 2.Nf3 Nc6 3.Bc4 Bc5 4.c3 Nf6 5.d3 Na5 6.Bb5 c6 7.Ba4 b5 8.Bc2 Nb7 
9.Nxe5 Qc7 10.Ng4 Rg8 11.Bg5 Nxg4 12.Qxg4 d5 13.Qf3 f6 14.Bh4 Be6 15.O-O 
O-O-O 16.d4 Bd6 17.Bg3 Rdf8 18.Nd2 dxe4 19.Bxe4 f5 20.Bxd6 Qxd6 21.Bxc6 
Nd8 22.Bxb5 Bd5 23.Qg3 f4 24.Qg4+ Be6 25.Qe2 Rf5 26.Ba6+ Kc7 27.Ne4 Qc6 
28.Rfe1 Re8 29.Nc5 f3 30.Nxe6+ Rxe6 31.Qc4 Rg5 32.Qxc6+ Rxc6 33.Bf1 h5 34.
Re5 Rxe5 35.dxe5 Rg6 36.Rd1 h4 37.g3 Rb6 38.Bh3 Rxb2 39.e6 Re2 40.Rd7+ Kc8
41.Rxa7 Nxe6 42.Re7 Re1+ 43.Bf1 Kd8 44.Rb7 hxg3 45.fxg3 Ng5 46.Kf2 Ne4+ 
47.Kxe1 f2+ 48.Ke2 Nxc3+ 49.Kxf2 Nxa2 50.Ke3 Nc3 51.Kd4 Na4 52.Bb5 Nb2 53.
Kd5 Kc8 54.Rxg7 Nd1 55.Kd6 Nc3 56.Ba6+ Kb8 57.Kc6 Na4 58.h4 Nb2 1-0

[Event "LJEM M-V 2023 u16"]
[Site "Mirow"]
[Date "2023.02.05"]
[Round "3.8"]
[White "Asmussen, Johann"]
[Black "Karff, Tom"]
[Result "1-0"]
[WhiteElo "1222"]
[BlackElo "1353"]
[EventDate "2023.??.??"]
[PlyCount "65"]
[WhiteTeam "HSG Stralsund"]
[BlackTeam "SG Güstrow/Teterow"]

1.e4 e5 2.f4 exf4 3.Nf3 Nc6 4.d4 Nf6 5.Nc3 Bb4 6.Bd3 d6 7.h3 O-O 8.Bxf4 
Re8 9.Bg5 h6 10.Bxf6 Qxf6 11.a3 Ba5 12.b4 Bb6 13.Nd5 Qg6 14.O-O Nxd4 15.
Kh1 Nxf3 16.Qxf3 c6 17.Nxb6 axb6 18.e5 Qe6 19.exd6 Rf8 20.Qf4 b5 21.c4 
bxc4 22.Bxc4 Qg6 23.Rf3 Be6 24.Bd3 Qf6 25.Qxf6 gxf6 26.Bf5 Rad8 27.Rd1 
Bxf5 28.Rxf5 Kg7 29.Rf3 Rfe8 30.Kg1 Re6 31.d7 Re7 32.Rfd3 Kg6 33.Kf2 1-0